Fórum Társadalomtudományi Szemle

Guardado en:
Detalles Bibliográficos
Formato: Seriadas
Lenguaje:húngaro
eslovaco
Publicado: Šamorín Fórum inštitút pre výskum menšín
Etiquetas: Agregar Etiqueta
Sin Etiquetas, Sea el primero en etiquetar este registro!

MARC

LEADER 00000nas1a2200000 4500
001 0270813
005 20230315102255.3
022 |a 1335-4361 
041 0 |a hun 
041 0 |a slo 
044 |a SK 
245 1 0 |a Fórum Társadalomtudományi Szemle 
264 1 |a Šamorín  |b Fórum inštitút pre výskum menšín